<?xml version="1.0" encoding="UTF-8"?>
<record
    xmlns:xsi="http://www.w3.org/2001/XMLSchema-instance"
    xsi:schemaLocation="http://www.loc.gov/MARC21/slim http://www.loc.gov/standards/marcxml/schema/MARC21slim.xsd"
    xmlns="http://www.loc.gov/MARC21/slim">

  <leader>03186nam a2200565Ia 4500</leader>
  <controlfield tag="001">211</controlfield>
  <controlfield tag="008">241029s9999    xx            000 0 und d</controlfield>
  <datafield tag="010" ind1=" " ind2=" ">
    <subfield code="a">185</subfield>
  </datafield>
  <datafield tag="041" ind1=" " ind2=" ">
    <subfield code="a">Espa&#xF1;ol</subfield>
  </datafield>
  <datafield tag="082" ind1=" " ind2=" ">
    <subfield code="a">MTH-0023</subfield>
  </datafield>
  <datafield tag="245" ind1=" " ind2="0">
    <subfield code="a">Detecci&#xF3;n de necesidades de capacitaci&#xF3;n por grupos ocupacionales basados en competencias conductuales, en una Instituci&#xF3;n P&#xFA;blica del Sector Salud.</subfield>
  </datafield>
  <datafield tag="260" ind1=" " ind2=" ">
    <subfield code="a">Distrito Nacional</subfield>
  </datafield>
  <datafield tag="300" ind1=" " ind2=" ">
    <subfield code="a">45</subfield>
  </datafield>
  <datafield tag="520" ind1=" " ind2=" ">
    <subfield code="a">12</subfield>
  </datafield>
  <datafield tag="630" ind1=" " ind2=" ">
    <subfield code="a">Actitudes</subfield>
  </datafield>
  <datafield tag="630" ind1=" " ind2=" ">
    <subfield code="a">Calidad</subfield>
  </datafield>
  <datafield tag="630" ind1=" " ind2=" ">
    <subfield code="a">Capital Humano</subfield>
  </datafield>
  <datafield tag="630" ind1=" " ind2=" ">
    <subfield code="a">Criterios de Evaluaci&#xF3;n</subfield>
  </datafield>
  <datafield tag="630" ind1=" " ind2=" ">
    <subfield code="a">Desarrollo Humano</subfield>
  </datafield>
  <datafield tag="650" ind1=" " ind2=" ">
    <subfield code="a">Evaluaci&#xF3;n</subfield>
  </datafield>
  <datafield tag="690" ind1=" " ind2=" ">
    <subfield code="a">Elaborado</subfield>
  </datafield>
  <datafield tag="700" ind1=" " ind2=" ">
    <subfield code="e">asesor</subfield>
    <subfield code="a">Lantigua, Cristina</subfield>
  </datafield>
  <datafield tag="700" ind1=" " ind2=" ">
    <subfield code="e">autor</subfield>
    <subfield code="a">De Le&#xF3;n Reyes, Amelia Teresa</subfield>
  </datafield>
  <datafield tag="901" ind1=" " ind2=" ">
    <subfield code="a">{"1":"De Le&#xF3;n Reyes"}</subfield>
    <subfield code="b">{"1":"Amelia Teresa"}</subfield>
  </datafield>
  <datafield tag="902" ind1=" " ind2=" ">
    <subfield code="a">1</subfield>
  </datafield>
  <datafield tag="903" ind1=" " ind2=" ">
    <subfield code="a">{"1":"Lantigua"}</subfield>
    <subfield code="b">{"1":"Cristina"}</subfield>
  </datafield>
  <datafield tag="904" ind1=" " ind2=" ">
    <subfield code="a">Maestr&#xED;a en</subfield>
  </datafield>
  <datafield tag="905" ind1=" " ind2=" ">
    <subfield code="a">Educaci&#xF3;n para el Desarrollo Humano</subfield>
  </datafield>
  <datafield tag="906" ind1=" " ind2=" ">
    <subfield code="a">2</subfield>
  </datafield>
  <datafield tag="907" ind1=" " ind2=" ">
    <subfield code="a">NO APLICA</subfield>
  </datafield>
  <datafield tag="908" ind1=" " ind2=" ">
    <subfield code="a">NO APLICA</subfield>
  </datafield>
  <datafield tag="909" ind1=" " ind2=" ">
    <subfield code="a">Universidad Iberoamericana (UNIBE)</subfield>
  </datafield>
  <datafield tag="910" ind1=" " ind2=" ">
    <subfield code="a">NULL</subfield>
    <subfield code="b">NULL</subfield>
  </datafield>
  <datafield tag="911" ind1=" " ind2=" ">
    <subfield code="a">["1"]</subfield>
  </datafield>
  <datafield tag="912" ind1=" " ind2=" ">
    <subfield code="a">NO APLICA</subfield>
  </datafield>
  <datafield tag="913" ind1=" " ind2=" ">
    <subfield code="a">NULL</subfield>
  </datafield>
  <datafield tag="914" ind1=" " ind2=" ">
    <subfield code="a">01 de Agosto de 2013</subfield>
  </datafield>
  <datafield tag="915" ind1=" " ind2=" ">
    <subfield code="a">29/11/19 11:11</subfield>
  </datafield>
  <datafield tag="916" ind1=" " ind2=" ">
    <subfield code="a">NULL</subfield>
  </datafield>
  <datafield tag="917" ind1=" " ind2=" ">
    <subfield code="a">NULL</subfield>
  </datafield>
  <datafield tag="918" ind1=" " ind2=" ">
    <subfield code="a">NO APLICA</subfield>
  </datafield>
  <datafield tag="919" ind1=" " ind2=" ">
    <subfield code="a">["6","28","31","51","58"]</subfield>
  </datafield>
  <datafield tag="520" ind1=" " ind2=" ">
    <subfield code="a">La investigaci&#xF3;n fue de tipo descriptivo y de corte transversal, se utilizaron las t&#xE9;cnicas de la motivaci&#xF3;n y sensibilizaci&#xF3;n, identificaci&#xF3;n, clasificaci&#xF3;n y descripci&#xF3;n de las competencias y mapas. Fue aplicado el instrumento nuevo modelo para la evaluaci&#xF3;n de competencias, definido por David Arribas (Madrid, 2009) como el Instrumento de evaluaci&#xF3;n de desempe&#xF1;o, para el personal M&#xE9;dico, Enfermeras y Bioanalistas. La poblaci&#xF3;n de este estudio estuvo compuesta por sesenta y cinco (65) empleados, los cuales integraron los diferentes departamentos de la Direcci&#xF3;n, Instancia que pertenece al Ministerio de Salud P&#xFA;blica (MSP).&#xA0;El estudio concluy&#xF3;, que tomando en consideraci&#xF3;n los resultados de esta detecci&#xF3;n de brechas de competencias conductuales realizadas, se podr&#xE1; dise&#xF1;ar un plan de desarrollo y capacitaci&#xF3;n, con especificaci&#xF3;n requerida para cada grupo ocupacional, basado en las necesidades reales identificadas y no seguir capacitando en base a la oferta de cursos ajenos a las necesidades. En relaci&#xF3;n a las brechas de competencias conductuales identificadas, en el grupo de servicios generales, solo se observ&#xF3; una brecha poco significativa (-1), en las &#xE1;reas desarrollo de tareas, los colaboradores obtuvieron un (67%), en el &#xE1;rea interpersonal un (33%) y en compromisos un (17%). El hecho de que un (33%), muestre un nivel de responsabilidad por debajo del esperado, llama a preocupaci&#xF3;n.El estudio recomienda, elaborar e implementar un plan de capacitaci&#xF3;n y desarrollo que permita la reducci&#xF3;n de las brechas de competencias conductuales identificadas. Adem&#xE1;s, ampliar esta investigaci&#xF3;n hacia la detecci&#xF3;n de competencias t&#xE9;cnicas para cada caso.</subfield>
  </datafield>
  <datafield tag="921" ind1=" " ind2=" ">
    <subfield code="a">16</subfield>
  </datafield>
  <datafield tag="922" ind1=" " ind2=" ">
    <subfield code="a">16</subfield>
  </datafield>
  <datafield tag="923" ind1=" " ind2=" ">
    <subfield code="a">0</subfield>
  </datafield>
  <datafield tag="924" ind1=" " ind2=" ">
    <subfield code="a">NO APLICA</subfield>
  </datafield>
  <datafield tag="942" ind1=" " ind2=" ">
    <subfield code="c">Tesis</subfield>
  </datafield>
  <datafield tag="999" ind1=" " ind2=" ">
    <subfield code="c">185</subfield>
    <subfield code="d">185</subfield>
  </datafield>
</record>
